| 000 | 00403nam a2200157Ia 4500 | ||
|---|---|---|---|
| 008 | 130219t2011 xxu||||| |||| 00| 0 sin d | ||
| 041 | _asin | ||
| 080 |
_a8-31 (eng) _bASI |
||
| 245 | _aඅසිරි සිරිනි -5 | ||
| 246 | _aAsiri Sirini -5 | ||
| 260 |
_aVidharshana _aDehiwala _c2011 |
||
| 300 | _b156p, 21 cm | ||
| 942 | _cBK | ||
| 999 |
_c42340 _d42340 |
||
| 003 | LK-CoDNM | ||
| 040 |
_aLK-CoDNM _dLK-CoDNM _eLK-CoDNM |
||